[Event "Mexican op 68th"]
[Site "Mexico City"]
[Date "2023.04.04"]
[Round "1"]
[White "Solorzano, Andres"]
[Black "Gonzalez Zamora, Juan Carlos"]
[Result "0-1"]
[WhiteElo "1941"]
[BlackElo "2484"]
[PlyCount "50"]
[EventDate "2023.04.04"]
[EventType "swiss"]
[EventRounds "9"]
[EventCountry "MEX"]
[SourceTitle "CBM 213 Extra"]
[Source "ChessBase"]
[SourceDate "2023.05.31"]
[SourceVersion "1"]
[SourceVersionDate "2023.05.31"]
[SourceQuality "1"]

1. d4 Nf6 2. c4 d6 3. Nf3 g6 4. Nc3 Bf5 5. e3 Bg7 6. Be2 0-0 7. 0-0 c5 8. Qb3 Qb6 9. Qa3 Na6 10. Bd2 Qd8 11. Nd5 Ne4 12. Ba5 b6 13. Be1 Nc7 14. Nc3 e5 15. dxe5 dxe5 16. Rd1 Qe7 17. Nxe4 Bxe4 18. Qa4 Bf5 19. b4 e4 20. Nd2 cxb4 21. Nb3 a5 22. Qc6 Ne6 23. Rd7 Qe8 24. Qd5 Nf4 25. exf4 Qxd7 0-1

[Event "Managua Sub zt 2.3"]
[Site "Managua"]
[Date "2014.04.29"]
[Round "4"]
[White "Castillo, Rommel"]
[Black "Solorzano, Andres"]
[Result "0-1"]
[WhiteElo "2049"]
[BlackElo "1916"]
[PlyCount "75"]
[EventDate "2014.04.27"]
[EventType "swiss"]
[EventRounds "9"]
[EventCountry "NCA"]
[SourceTitle "EXT 2015"]
[Source "ChessBase"]
[SourceDate "2014.11.20"]
[SourceVersion "1"]
[SourceVersionDate "2014.11.20"]
[SourceQuality "1"]

1. c4 e6 2. Nc3 Nf6 3. g3 d5 4. Bg2 c6 5. Nf3 Be7 6. 0-0 Nbd7 7. d3 0-0 8. e4 dxc4 9. dxc4 Qa5 10. Qe2 e5 11. Bd2 Qc7 12. Rac1 Re8 13. h3 Nc5 14. b4 Ne6 15. Nd5 cxd5 16. cxd5 Qd6 17. dxe6 Bxe6 18. Bc3 Rac8 19. Rfd1 Qb6 20. a3 Bc4 21. Qe1 Bd6 22. Nd2 Bb5 23. Nf1 Ba4 24. Rd3 Qa6 25. Qd2 Rcd8 26. Bxe5 Rxe5 27. f4 Ree8 28. e5 Bc7 29. Rxd8 Rxd8 30. Qc3 Bb6+ 31. Kh2 Nd5 32. Qe1 Qd3 33. e6 fxe6 34. Qxe6+ Kh8 35. Rc8 Nf6 36. Ne3 Bxe3 37. Rxd8+ Qxd8 38. Qxe3 0-1